[Event "Bamberg op-B 3rd"]
[Site "Bamberg"]
[Date "2021.07.29"]
[Round "2"]
[White "Lasschuit, Rene"]
[Black "Niemann, Silvio"]
[Result "1-0"]
[WhiteElo "1665"]
[BlackElo "1864"]
[PlyCount "41"]
[EventDate "2021.07.28"]
[EventType "swiss"]
[EventRounds "7"]
[EventCountry "GER"]
[SourceTitle "EXT 2022"]
[Source "ChessBase"]
[SourceDate "2021.10.06"]
[SourceVersion "1"]
[SourceVersionDate "2021.10.06"]
[SourceQuality "1"]

1. c4 d5 2. cxd5 Qxd5 3. Nc3 Qd8 4. d4 c6 5. e4 e6 6. Nf3 Be7 7. Bd3 h6 8. Be3 Nf6 9. 0-0 Nbd7 10. Qc2 0-0 11. Rfd1 Qa5 12. a3 Ng4 13. Bd2 Qh5 14. h3 Ngf6 15. e5 Nd5 16. Ne4 f5 17. exf6 N7xf6 18. Nxf6+ Nxf6 19. Ne5 Bd6 20. Bg6 Qh4 21. Nf3 1-0

[Event "Bamberg op-B 3rd"]
[Site "Bamberg"]
[Date "2021.07.28"]
[Round "1"]
[White "Niemann, Silvio"]
[Black "Kirchner, Stefan1111"]
[Result "1-0"]
[WhiteElo "1864"]
[BlackElo "1598"]
[PlyCount "79"]
[EventDate "2021.07.28"]
[EventType "swiss"]
[EventRounds "7"]
[EventCountry "GER"]
[SourceTitle "EXT 2022"]
[Source "ChessBase"]
[SourceDate "2021.10.06"]
[SourceVersion "1"]
[SourceVersionDate "2021.10.06"]
[SourceQuality "1"]

1. e4 e6 2. d4 d5 3. exd5 exd5 4. Bd3 Bd6 5. Nf3 Nf6 6. 0-0 0-0 7. Bg5 Bg4 8. Nbd2 Nbd7 9. c4 dxc4 10. Bxc4 Bf5 11. Qb3 Nb6 12. Bd3 Bxd3 13. Qxd3 h6 14. Bh4 Nbd7 15. Qf5 Re8 16. Rfe1 c6 17. Ne4 Be7 18. Ne5 Nxe5 19. dxe5 Nxe4 20. Bxe7 Qxe7 21. Rxe4 Rad8 22. Rae1 Qe6 23. Qxe6 Rxe6 24. f4 f6 25. exf6 Rxe4 26. Rxe4 gxf6 27. Kf2 Rd2+ 28. Re2 Rxe2+ 29. Kxe2 Kf7 30. Ke3 Ke6 31. g4 c5 32. Ke4 b5 33. h4 a5 34. g5 hxg5 35. hxg5 fxg5 36. fxg5 b4 37. g6 a4 38. g7 Kf7 39. Kd5 a3 40. b3 1-0

[Event "Mecklenburg VP LL2 West 1819"]
[Site "Mecklenburg VP"]
[Date "2019.02.24"]
[Round "6.2"]
[White "Pross, Benjamin"]
[Black "Niemann, Silvio"]
[Result "1/2-1/2"]
[WhiteElo "1967"]
[BlackElo "1825"]
[PlyCount "117"]
[EventDate "2018.10.21"]
[EventType "team-tourn"]
[EventRounds "9"]
[EventCountry "GER"]
[SourceTitle "EXT 2022"]
[Source "ChessBase"]
[SourceDate "2021.10.06"]
[SourceVersion "1"]
[SourceVersionDate "2021.10.06"]
[SourceQuality "1"]
[WhiteTeam "Kuehlungsborn SV Empor"]
[BlackTeam "Parchim SV Blau-Weiss 69"]
[WhiteTeamCountry "GER"]
[BlackTeamCountry "GER"]

1. d4 f5 2. g3 Nf6 3. Bg2 c6 4. Nf3 g6 5. c3 e6 6. Bg5 Bg7 7. Nbd2 d5 8. Ne5 0-0 9. h4 Qb6 10. Qc2 Nbd7 11. Nxd7 Nxd7 12. Be3 Nf6 13. f4 Ng4 14. Bg1 h5 15. Nf3 Bd7 16. Ne5 Bxe5 17. dxe5 Ne3 18. Bxe3 Qxe3 19. Qd3 Qb6 20. Qd2 Rfd8 21. Bf3 Rac8 22. Kf1 c5 23. Kg2 Bc6 24. Rhd1 a5 25. Qc2 Kf7 26. Rd2 Rd7 27. Rad1 Rcd8 28. a3 a4 29. e3 Qb5 30. Kf2 Qb6 31. Kg2 Ke7 32. Kf2 Qa6 33. Be2 b5 34. Bf3 Rc8 35. Qb1 Qb7 36. Qc2 Rb8 37. Qc1 Qb6 38. Rc2 Ba8 39. Qd2 Rbd8 40. Qe1 d4 41. cxd4 Bxf3 42. Kxf3 cxd4 43. Qb4+ Kf7 44. Rxd4 Rxd4 45. exd4 Rxd4 46. Rc7+ Qxc7 47. Qxd4 Qc6+ 48. Ke3 Qc1+ 49. Kf3 Qf1+ 50. Ke3 Qc1+ 51. Kf2 Qc2+ 52. Kg1 Qc1+ 53. Kh2 Qc7 54. Qd3 Qc6 55. Qd8 Kg7 56. Qf6+ Kh7 57. Qf7+ Kh6 58. Qf8+ Kh7 59. Qf7+ 1/2-1/2

[Event "Mecklenburg VP LL2 West 1819"]
[Site "Mecklenburg VP"]
[Date "2018.12.16"]
[Round "4.3"]
[White "Niemann, Silvio"]
[Black "Hopp, Peter"]
[Result "1/2-1/2"]
[WhiteElo "1825"]
[BlackElo "1838"]
[PlyCount "123"]
[EventDate "2018.10.21"]
[EventType "team-tourn"]
[EventRounds "9"]
[EventCountry "GER"]
[SourceTitle "EXT 2022"]
[Source "ChessBase"]
[SourceDate "2021.10.06"]
[SourceVersion "1"]
[SourceVersionDate "2021.10.06"]
[SourceQuality "1"]
[WhiteTeam "Parchim SV Blau-Weiss 69"]
[BlackTeam "Mecklenburger Springer SC"]
[WhiteTeamCountry "GER"]
[BlackTeamCountry "GER"]

1. e4 d5 2. exd5 Qxd5 3. Nc3 Qa5 4. d4 c6 5. Bc4 Bf5 6. Nf3 Nf6 7. Qe2 e6 8. Bd2 Bb4 9. 0-0 0-0 10. a3 Bxc3 11. Bxc3 Qc7 12. Bd3 Bxd3 13. Qxd3 Nbd7 14. Bd2 Rad8 15. Qe2 Rfe8 16. Ne5 c5 17. c3 cxd4 18. cxd4 Qc2 19. Nc4 Qe4 20. Be3 Nb8 21. f3 Qd5 22. Rad1 Nc6 23. Bf2 Qb5 24. Qc2 Nd5 25. Bg3 Qa6 26. Rfe1 Nde7 27. Bf2 Nf5 28. Re4 Nd6 29. Nxd6 Rxd6 30. Rh4 g6 31. Qd2 f5 32. Qh6 Re7 33. Re1 Qd3 34. Qg5 Rf7 35. d5 Qxd5 36. Rh6 e5 37. Rh4 Qd2 38. Qg3 Qxb2 39. Rc4 Qb3 40. Rxc6 bxc6 41. Qxe5 Qd5 42. Qe8+ Rf8 43. Qe7 Rd7 44. Qb4 Rff7 45. Re8+ Kg7 46. Qb2+ Kh6 47. Qc1+ f4 48. Re1 Qd2 49. Qxc6 Rfe7 50. Rf1 Qe2 51. Qc1 Qd2 52. Qc5 Rc7 53. Qb5 Rc1 54. h4 Rxf1+ 55. Qxf1 Qc3 56. Qb5 Qxa3 57. Qg5+ Kg7 58. Bd4+ Kg8 59. Qd5+ Rf7 60. Qe5 Re7 61. Qh8+ Kf7 62. Qxh7+ 1/2-1/2

[Event "Mecklenburg VP LL2 West 1819"]
[Site "Mecklenburg VP"]
[Date "2018.11.11"]
[Round "2.2"]
[White "Kleinke, Uwe"]
[Black "Niemann, Silvio"]
[Result "1/2-1/2"]
[WhiteElo "1941"]
[BlackElo "1825"]
[PlyCount "65"]
[EventDate "2018.10.21"]
[EventType "team-tourn"]
[EventRounds "9"]
[EventCountry "GER"]
[SourceTitle "EXT 2022"]
[Source "ChessBase"]
[SourceDate "2021.10.06"]
[SourceVersion "1"]
[SourceVersionDate "2021.10.06"]
[SourceQuality "1"]
[WhiteTeam "Schwerin SV Einheit"]
[BlackTeam "Parchim SV Blau-Weiss 69"]
[WhiteTeamCountry "GER"]
[BlackTeamCountry "GER"]

1. b4 Nf6 2. Bb2 e6 3. b5 d5 4. e3 Be7 5. Nf3 0-0 6. Be2 c5 7. c4 Nbd7 8. a4 Ne4 9. 0-0 Bf6 10. d4 Nb6 11. Qc2 cxd4 12. Nxd4 Nd7 13. cxd5 exd5 14. Nd2 Re8 15. Nxe4 dxe4 16. Rfd1 Bxd4 17. Rxd4 Qh4 18. g3 Qe7 19. Ba3 Qe5 20. Rad1 Nf6 21. Bd6 Qf5 22. Bc4 Qh3 23. Bf1 Qf5 24. Bg2 h5 25. h4 Qg6 26. Qd2 Bg4 27. Rc1 Bf3 28. Bxf3 exf3 29. Bf4 Qg4 30. Kh2 Qf5 31. Qd1 Ng4+ 32. Kg1 Rac8 33. Rdc4 1/2-1/2

[Event "Mecklenburg VP LL2 West 1617"]
[Site "Mecklenburg VP"]
[Date "2017.03.19"]
[Round "7.2"]
[White "Fischer, Torsten"]
[Black "Niemann, Silvio"]
[Result "1/2-1/2"]
[WhiteElo "2026"]
[BlackElo "1816"]
[PlyCount "36"]
[EventDate "2016.10.16"]
[EventType "team-tourn"]
[EventRounds "9"]
[EventCountry "GER"]
[SourceTitle "EXT 2022"]
[Source "ChessBase"]
[SourceDate "2021.10.06"]
[SourceVersion "1"]
[SourceVersionDate "2021.10.06"]
[SourceQuality "1"]
[WhiteTeam "Schwerin SF III"]
[BlackTeam "Parchim SV Blau-Weiss 69"]
[WhiteTeamCountry "GER"]
[BlackTeamCountry "GER"]

1. e4 c5 2. Nf3 d6 3. d4 cxd4 4. Nxd4 Nf6 5. Nc3 g6 6. Be2 Bg7 7. 0-0 0-0 8. Be3 Nc6 9. h3 Bd7 10. Qd2 Rc8 11. Rad1 Nxd4 12. Bxd4 a6 13. Qe3 Qa5 14. a3 Rc6 15. e5 dxe5 16. Qxe5 Qxe5 17. Bxe5 Bf5 18. Bf3 Re6 1/2-1/2

[Event "Mecklenburg VP LL2 West 1617"]
[Site "Mecklenburg VP"]
[Date "2016.11.06"]
[Round "2.3"]
[White "Niemann, Silvio"]
[Black "Blume, Christian"]
[Result "1/2-1/2"]
[WhiteElo "1751"]
[BlackElo "1839"]
[PlyCount "33"]
[EventDate "2016.10.16"]
[EventType "team-tourn"]
[EventRounds "9"]
[EventCountry "GER"]
[SourceTitle "EXT 2022"]
[Source "ChessBase"]
[SourceDate "2021.10.06"]
[SourceVersion "1"]
[SourceVersionDate "2021.10.06"]
[SourceQuality "1"]
[WhiteTeam "Parchim SV Blau-Weiss 69"]
[BlackTeam "Putlitz Pritzwalk"]
[WhiteTeamCountry "GER"]
[BlackTeamCountry "GER"]

1. e4 c5 2. Nc3 e6 3. Nf3 a6 4. a4 b6 5. g3 Bb7 6. Bg2 d6 7. 0-0 Nf6 8. Re1 Be7 9. d4 cxd4 10. Nxd4 Qc7 11. Be3 0-0 12. Qe2 Nc6 13. Nxc6 Bxc6 14. Rad1 Qb7 15. f3 Rfd8 16. Rd2 Rac8 17. Red1 1/2-1/2

[Event "Mecklenburg VP LL2 West 1213"]
[Site "Mecklenburg VP"]
[Date "2013.04.14"]
[Round "8.3"]
[White "Wagner, Bernd"]
[Black "Niemann, Silvio"]
[Result "1-0"]
[WhiteElo "1704"]
[BlackElo "1698"]
[PlyCount "135"]
[EventDate "2012.10.14"]
[EventType "team-tourn"]
[EventRounds "9"]
[EventCountry "GER"]
[SourceTitle "EXT 2022"]
[Source "ChessBase"]
[SourceDate "2021.10.06"]
[SourceVersion "1"]
[SourceVersionDate "2021.10.06"]
[SourceQuality "1"]
[WhiteTeam "Wismar ASV Gruen-Weiss II"]
[BlackTeam "Parchim SV Blau-Weiss 69"]
[WhiteTeamCountry "GER"]
[BlackTeamCountry "GER"]

1. d4 Nf6 2. c4 g6 3. Nc3 Bg7 4. e4 d6 5. Bg5 0-0 6. f4 h6 7. Bh4 Nc6 8. Nf3 Nh5 9. d5 Nb4 10. a3 Na6 11. Qd2 Nc5 12. Rb1 Nb3 13. Qe3 c5 14. h3 Nd4 15. Bd3 Qc7 16. 0-0 a6 17. Ne2 Nxf3+ 18. Qxf3 b5 19. cxb5 c4 20. Bc2 axb5 21. Bf2 Bd7 22. Bd4 Bxd4+ 23. Nxd4 Qc5 24. Qe3 e5 25. fxe5 dxe5 26. Nf5 Qxe3+ 27. Nxe3 Nf4 28. Kh2 Kg7 29. h4 Rfc8 30. g3 Ne2 31. Bd1 Nd4 32. Bg4 Ra7 33. Rf2 h5 34. Bxd7 Rxd7 35. Nc2 Nxc2 36. Rxc2 f5 37. exf5 gxf5 38. Rf1 Kg6 39. Rd2 Rc5 40. Rdf2 Rf7 41. Rd1 e4 42. Rfd2 Rd7 43. d6 Re5 44. Kg2 Kf6 45. a4 bxa4 46. Rc2 Rc5 47. Ra1 Rxd6 48. Rxa4 Rdc6 49. Kf2 Ke5 50. Rb4 c3 51. bxc3 Rxc3 52. Rb5+ Ke6 53. Rxc3 Rxc3 54. Rb6+ Kd5 55. Rb5+ Rc5 56. Rb8 Kd4 57. Rd8+ Rd5 58. Rh8 Kd3 59. Re8 Kd2 60. Ra8 e3+ 61. Kf3 Re5 62. Ra2+ Kd1 63. Re2 Re4 64. Rxe3 Rg4 65. Re5 f4 66. Rg5 fxg3 67. Rxg4 hxg4+ 68. Kxg3 1-0

[Event "Mecklenburg VP LL2 West 1213"]
[Site "Mecklenburg VP"]
[Date "2012.10.14"]
[Round "1.3"]
[White "Gottschalk, Maik"]
[Black "Niemann, Silvio"]
[Result "1/2-1/2"]
[WhiteElo "1647"]
[BlackElo "1698"]
[PlyCount "81"]
[EventDate "2012.10.14"]
[EventType "team-tourn"]
[EventRounds "9"]
[EventCountry "GER"]
[SourceTitle "EXT 2022"]
[Source "ChessBase"]
[SourceDate "2021.10.06"]
[SourceVersion "1"]
[SourceVersionDate "2021.10.06"]
[SourceQuality "1"]
[WhiteTeam "Putlitzer SV 1921"]
[BlackTeam "Parchim SV Blau-Weiss 69"]
[WhiteTeamCountry "GER"]
[BlackTeamCountry "GER"]

1. d4 e6 2. e3 d5 3. Bd3 Nf6 4. Nd2 c5 5. c3 Nc6 6. f4 a6 7. Qf3 cxd4 8. exd4 Bd7 9. Ne2 Rc8 10. 0-0 g6 11. Kh1 Bg7 12. a3 0-0 13. g4 Ne7 14. Ng3 e5 15. fxe5 Nxg4 16. Nb3 Nh6 17. Nc5 Rxc5 18. dxc5 Nhf5 19. Bg5 Qc7 20. Rae1 Qxc5 21. Be3 Nxe3 22. Qxe3 Qc7 23. Re2 Be6 24. Rg1 Nc6 25. Nh5 Bxe5 26. Qh6 Bh8 27. Reg2 Ne5 28. Bc2 Qd7 29. Qf4 Qe7 30. Re1 f6 31. Ng3 Bg7 32. Rge2 Qd7 33. Nf1 Bg4 34. Re3 Kh8 35. Nd2 Bh5 36. Kg2 g5 37. Qg3 Bg6 38. Bxg6 Nxg6 39. Nf3 Nf4+ 40. Kg1 Nh3+ 41. Kg2 1/2-1/2

[Event "Dresden ZMD op-B 21st"]
[Site "Dresden"]
[Date "2012.08.26"]
[Round "9"]
[White "Udet, Fabian"]
[Black "Niemann, Silvio"]
[Result "1/2-1/2"]
[WhiteElo "1564"]
[BlackElo "1698"]
[PlyCount "126"]
[EventDate "2012.08.18"]
[EventType "swiss"]
[EventRounds "9"]
[EventCountry "GER"]
[SourceTitle "CBM 150 Extra"]
[Source "ChessBase"]
[SourceDate "2012.10.19"]
[SourceVersion "1"]
[SourceVersionDate "2012.10.19"]
[SourceQuality "1"]

1. e4 c6 2. d4 d5 3. f3 g6 4. Nc3 Bg7 5. Be3 Nf6 6. Qd2 dxe4 7. fxe4 Ng4 8. Nf3 Nxe3 9. Qxe3 0-0 10. Be2 Qb6 11. 0-0-0 e5 12. Qg1 exd4 13. Nxd4 Nd7 14. h4 h5 15. g4 hxg4 16. Bxg4 Ne5 17. Be2 c5 18. Nb3 Be6 19. h5 Bxb3 20. axb3 Bh6+ 21. Kb1 g5 22. Rd5 f6 23. Rxc5 Rac8 24. Rxc8 Qxg1+ 25. Rxg1 Rxc8 26. Nd5 Kf7 27. Rf1 Rc6 28. Ne3 Bf8 29. Nf5 a6 30. Rh1 Kg8 31. h6 Kh7 32. Bh5 Rc7 33. Kc1 Rd7 34. c3 Nd3+ 35. Kc2 Nf4 36. Be8 Rd8 37. Bh5 Rd7 38. Bg4 Rd8 39. Nd4 Bc5 40. Bf5+ Kh8 41. Ne6 Nxe6 42. Bxe6 Be3 43. Bf5 Rd2+ 44. Kb1 Bf4 45. h7 b6 46. Rh6 Be5 47. Rg6 Rd8 48. Kc2 a5 49. c4 Rb8 50. b4 Kxh7 51. Rxf6+ Kh8 52. Rg6 axb4 53. Rxg5 Rd8 54. Rg2 Bd4 55. Rd2 Bf6 56. Rxd8+ Bxd8 57. Kd3 Kg7 58. Kd4 Kf6 59. b3 Be7 60. Bh7 Bc5+ 61. Kd5 Ke7 62. e5 Bf2 63. e6 Bg1 1/2-1/2

[Event "Dresden ZMD op-B 21st"]
[Site "Dresden"]
[Date "2012.08.24"]
[Round "7"]
[White "Niemann, Silvio"]
[Black "Gerling, Lothar"]
[Result "0-1"]
[WhiteElo "1698"]
[BlackElo "1630"]
[PlyCount "108"]
[EventDate "2012.08.18"]
[EventType "swiss"]
[EventRounds "9"]
[EventCountry "GER"]
[SourceTitle "CBM 150 Extra"]
[Source "ChessBase"]
[SourceDate "2012.10.19"]
[SourceVersion "1"]
[SourceVersionDate "2012.10.19"]
[SourceQuality "1"]

1. e4 e6 2. Nf3 d5 3. exd5 exd5 4. d4 Bd6 5. Bd3 Nf6 6. Qe2+ Be7 7. 0-0 0-0 8. Re1 Re8 9. Bg5 Be6 10. Nbd2 Nbd7 11. Nf1 h6 12. Bf4 Nh5 13. Qd2 Nxf4 14. Qxf4 Bd6 15. Qh4 Qxh4 16. Nxh4 Nf6 17. Ng3 Bxg3 18. hxg3 Bd7 19. Bf5 g6 20. Bxd7 Nxd7 21. Nf3 f6 22. Kf1 Kf7 23. c3 Rxe1+ 24. Rxe1 Re8 25. b3 Rxe1+ 26. Kxe1 Ke6 27. Ke2 b6 28. Kd3 g5 29. Nd2 Kf5 30. Nf1 Ke6 31. Ne3 h5 32. c4 c6 33. g4 h4 34. Nf5 Nf8 35. Ke3 Ng6 36. Ng7+ Kf7 37. Nf5 Ke6 38. Kf3 Nf4 39. Nxh4 Nd3 40. Nf5 Nc1 41. Ke3 Nxa2 42. Kd2 Nb4 43. Kc3 a5 44. g3 Na6 45. Ng7+ Kf7 46. Nf5 Ke6 47. f4 Nc7 48. Ne3 Ne8 49. Nf5 Nd6 50. Nxd6 Kxd6 51. b4 dxc4 52. Kxc4 axb4 53. Kxb4 Kd5 54. Kc3 b5 0-1

[Event "Dresden ZMD op-B 21st"]
[Site "Dresden"]
[Date "2012.08.20"]
[Round "3"]
[White "Bodner, Alfred"]
[Black "Niemann, Silvio"]
[Result "1-0"]
[WhiteElo "1797"]
[BlackElo "1698"]
[PlyCount "34"]
[EventDate "2012.08.18"]
[EventType "swiss"]
[EventRounds "9"]
[EventCountry "GER"]
[SourceTitle "CBM 150 Extra"]
[Source "ChessBase"]
[SourceDate "2012.10.19"]
[SourceVersion "1"]
[SourceVersionDate "2012.10.19"]
[SourceQuality "1"]

1. Nf3 c6 2. c4 Nf6 3. Nc3 g6 4. d4 d5 5. Bg5 Bg7 6. e3 0-0 7. Be2 h6 8. Bh4 Nbd7 9. 0-0 Re8 10. Bg3 Nh5 11. cxd5 Nxg3 12. hxg3 cxd5 13. Nxd5 e5 14. Rc1 Rb8 15. Nc7 Re7 16. dxe5 Bxe5 17. Nxe5 Rxe5 1-0

[Event "Mecklenburg VP LL2 West 0910"]
[Site "Mecklenburg VP"]
[Date "2010.03.28"]
[Round "6.2"]
[White "Niemann, Silvio"]
[Black "Voll, Andreas"]
[Result "1/2-1/2"]
[WhiteElo "1667"]
[BlackElo "1935"]
[PlyCount "41"]
[EventDate "2009.10.18"]
[EventType "team-tourn"]
[EventRounds "9"]
[EventCountry "GER"]
[SourceTitle "EXT 2016"]
[Source "ChessBase"]
[SourceDate "2015.10.08"]
[SourceVersion "1"]
[SourceVersionDate "2015.10.08"]
[SourceQuality "1"]
[WhiteTeam "Parchim SV Blau-Weiss 69"]
[BlackTeam "Neukloster III"]
[WhiteTeamCountry "GER"]
[BlackTeamCountry "GER"]

1. e4 c5 2. Nf3 d6 3. c4 Nf6 4. Nc3 g6 5. h3 Bg7 6. d4 cxd4 7. Nxd4 Nc6 8. Be3 Bd7 9. Be2 Rc8 10. 0-0 0-0 11. Rc1 Nxd4 12. Bxd4 Bc6 13. Bf3 a6 14. Re1 e6 15. b4 e5 16. Be3 Qe7 17. a4 Rfe8 18. Qb3 Bd7 19. Bg5 Be6 20. Nd5 Bxd5 21. exd5 1/2-1/2

[Event "Mecklenburg VP LL2 West 0910"]
[Site "Mecklenburg VP"]
[Date "2010.02.28"]
[Round "7.3"]
[White "Niemann, Silvio"]
[Black "Rudzinski, Nicole"]
[Result "1-0"]
[WhiteElo "1667"]
[BlackElo "1862"]
[PlyCount "91"]
[EventDate "2009.10.18"]
[EventType "team-tourn"]
[EventRounds "9"]
[EventCountry "GER"]
[SourceTitle "EXT 2016"]
[Source "ChessBase"]
[SourceDate "2015.10.08"]
[SourceVersion "1"]
[SourceVersionDate "2015.10.08"]
[SourceQuality "1"]
[WhiteTeam "Parchim SV Blau-Weiss 69"]
[BlackTeam "Putlitz"]
[WhiteTeamCountry "GER"]
[BlackTeamCountry "GER"]

1. e4 c5 2. Nf3 e6 3. c4 a6 4. Nc3 Nc6 5. d4 cxd4 6. Nxd4 Bb4 7. Be3 Bxc3+ 8. bxc3 Qa5 9. Qc2 Nf6 10. f3 0-0 11. Be2 Nxd4 12. Bxd4 Qg5 13. 0-0 Nh5 14. Rfd1 Nf4 15. Bf1 Re8 16. Bf2 d5 17. Bg3 Nh5 18. Bf2 dxe4 19. Qxe4 Nf6 20. Qd4 e5 21. Qh4 Qg6 22. Rd6 Bf5 23. Rad1 Re6 24. Rd8+ Rxd8 25. Rxd8+ Re8 26. Rxe8+ Nxe8 27. Qe7 Qe6 28. Qxb7 e4 29. fxe4 Bxe4 30. Qb6 Qxb6 31. Bxb6 Bb7 32. c5 Nf6 33. c6 Bxc6 34. Bxa6 Kf8 35. Bd4 Ke7 36. Bc4 g6 37. Bxf6+ Kxf6 38. Kf2 Ke7 39. g3 f6 40. Ke3 Kd6 41. Kd4 h5 42. Bf7 g5 43. Bxh5 Bd5 44. c4 Be6 45. Bf3 Kc7 46. Kc5 1-0

[Event "Mecklenburg VP LL2 West 0910"]
[Site "Mecklenburg VP"]
[Date "2010.01.24"]
[Round "5.3"]
[White "Niemann, Silvio"]
[Black "Bahr, Enrico"]
[Result "1/2-1/2"]
[WhiteElo "1667"]
[BlackElo "2006"]
[PlyCount "27"]
[EventDate "2009.10.18"]
[EventType "team-tourn"]
[EventRounds "9"]
[EventCountry "GER"]
[SourceTitle "EXT 2016"]
[Source "ChessBase"]
[SourceDate "2015.10.08"]
[SourceVersion "1"]
[SourceVersionDate "2015.10.08"]
[SourceQuality "1"]
[WhiteTeam "Parchim SV Blau-Weiss 69"]
[BlackTeam "Neukloster IV"]
[WhiteTeamCountry "GER"]
[BlackTeamCountry "GER"]

1. e4 c5 2. Nf3 Nc6 3. d4 cxd4 4. Nxd4 d6 5. c4 Nf6 6. Nc3 g6 7. Be2 Bg7 8. Be3 0-0 9. 0-0 Bd7 10. Rc1 Rc8 11. Qd2 Re8 12. f3 Qa5 13. Nb3 Qh5 14. c5 1/2-1/2

[Event "Mecklenburg VP LL2 0607"]
[Site "Mecklenburg VP"]
[Date "2007.03.18"]
[Round "7.3"]
[White "Schmidt, Martin"]
[Black "Niemann, Silvio"]
[Result "1-0"]
[WhiteElo "1885"]
[BlackElo "1706"]
[PlyCount "97"]
[EventDate "2006.10.15"]
[EventType "team"]
[EventRounds "9"]
[EventCountry "GER"]
[SourceTitle "EXT 2009"]
[Source "ChessBase"]
[SourceDate "2008.11.26"]
[SourceVersion "1"]
[SourceVersionDate "2008.11.26"]
[SourceQuality "1"]
[WhiteTeam "Malchow Schachinsel"]
[BlackTeam "Parchim SV Blau-Weiss 69"]
[WhiteTeamCountry "GER"]
[BlackTeamCountry "GER"]

1. e4 d5 2. exd5 Qxd5 3. Nc3 Qa5 4. d4 c6 5. Bc4 Bf5 6. Bd2 Qc7 7. Qf3 e6 8. 0-0-0 Nf6 9. h3 Bd6 10. Nge2 Nbd7 11. g4 Bg6 12. Nf4 Nb6 13. Bb3 0-0-0 14. h4 Nbd5 15. Nfxd5 exd5 16. Bg5 Rde8 17. Bxf6 Bf4+ 18. Kb1 gxf6 19. Rhe1 f5 20. g5 h6 21. h5 Bh7 22. gxh6 Bxh6 23. Re2 Rxe2 24. Qxe2 Qf4 25. Qe7 Rd8 26. Qxf7 Bg8 27. Qg6 Qg5 28. Ne2 Qxg6 29. hxg6 Rd6 30. Rg1 Re6 31. Nc1 Bxc1 32. Kxc1 Kd8 33. Kd2 Ke7 34. c3 Kf6 35. Bc2 Re7 36. Bd3 Rg7 37. Ke3 Be6 38. Kf4 Bd7 39. Rg5 Rxg6 40. Rxg6+ Kxg6 41. Ke5 Kg5 42. f4+ Kg4 43. Kd6 Bc8 44. Kc7 a5 45. Kxc8 Kxf4 46. a4 Kg4 47. b4 axb4 48. cxb4 f4 49. a5 1-0